Las esencias patrias: historiografía e historia antigua en la construcción de la identidad española, siglos XVI-XX

Saved in:
Bibliografiske detaljer
Hovedforfatter: Wulff, Fernando (Author)
Format: Bog
Sprog:spansk
Udgivet: Barcelona, España Crítica 2003
Serier:Libros de Historia
Fag:
Tags: Tilføj Tag
Ingen Tags, Vær først til at tagge denne postø!

MARC

LEADER 00000nam a2200000 a 4500
001 UCL7092
003 CL-VaPUC
005 20240402111020.0
008 040430e20030000SP |||||||||||||||||spa|d
999 |c 308953  |d 308951 
020 |a 8484324184 
040 |c Pontificia Universidad Católica de Valparaíso 
082 0 4 |a 946.03 WUL 2003  |2 21 
100 0 |a Wulff, Fernando  |e author  |9 484860 
245 1 4 |a Las esencias patrias:  |b  historiografía e historia antigua en la construcción de la identidad española, siglos XVI-XX 
260 |a Barcelona, España  |b Crítica  |c 2003 
300 |a 292 páginas 
490 0 |a Libros de Historia 
583 |a last modification  |c 20040430 00:00:00  |k Rodrigo Vera 
650 0 |a Historia de España  |9 315435 
650 0 |a Historiografía   |z ESPAÑA  |9 257871 
650 7 |a NACIONALISMO  |2 CL-VaPUC  |9 484861  |z ESPAÑA 
650 0 |a Franquismo  |z ESPAÑA  |9 318598 
650 0 |a Historia política  |z ESPAÑA  |9 256974 
650 0 |a Desarrollo económico y social   |z ESPAÑA  |9 256320 
852 |a BIBCUR 
942 |c BK  |2 ddc 
945 |d 20040430 00:00:00  |a cmena 
952 |0 0  |1 0  |2 ddc  |4 0  |6 946_030000000000000_WUL_2003  |7 0  |8 A  |9 375957  |a BIBHIS  |b BIBHIS  |d 2019-11-21  |i 4010892  |o 946.03 WUL 2003  |p 4010892  |r 2025-01-20  |t 1  |w 2019-11-21  |y BK  |k HIS